Quick Pick: Melanie Griffith Movie Posters Quiz Stats

 Plays Quiz not verified by Sporcle

Support Sporcle.
Go Orange.
Score 0/10 Timer 00:45
0 Plays Today
% Correct
Working Girl
58.2%
The Bonfire of the Vanities
53.3%
Body Double
51.5%
Crazy in Alabama
43.6%
Two Much
43.5%
Stormy Monday
36%
Pacific Heights
35.3%
Born Yesterday
34.3%
Something Wild
31.1%
A Stranger Among Us
28.9%

You're not logged in!

Compare scores with friends on all Sporcle quizzes.
OR
Log In

From the Vault

Find the Countries of South America

by eon

There are only 12, but finding them on a map is a whole lot more difficult.
Remove Ads.
Support Sporcle.
Get the best of Sporcle when you Go Orange. This ad-free experience offers more features, more stats, and more fun while also helping to support Sporcle. Thank you for becoming a member.

Show Comments

Extras

Top Quizzes Today


Score Distribution

Your Account Isn't Verified!

In order to create a playlist on Sporcle, you need to verify the email address you used during registration. Go to your Sporcle Settings to finish the process.

Report this User

Report this user for behavior that violates our Community Guidelines.

Details: